Posvátná místa : poutní svatyně od Stonehenge po Santiago de Compostela /

Hlavní autor: Carr-Gomm, Philip, 1955-
Jazyk: Čeština
Vydáno: Praha : Brána, 2009
Vydání: 1. vyd.
Témata:
Externí odkaz: Digitalizovaný dokument
Fyzický popis: 255 s. : il. (převážně barev.), mapy ; 29 cm
Knihy
Uloženo v:
LEADER 02197nam a2200553 a 4500
001 nkc20092010230
003 CZ PrNK
005 20170304235011.0
007 ta
008 091109s2009 xr ab e 001 0dcze
015 |a cnb002010230 
020 |a 978-80-7243-409-1  |q (váz.) 
035 |a (OCoLC)505914596 
040 |a OLA001  |b cze  |d BOA001 
041 1 |a cze  |h eng 
043 |a x------ 
072 7 |a 2  |x Náboženství  |2 Konspekt  |9 5 
080 |a 2-522  |2 MRF 
080 |a 2-522/-523  |2 MRF 
080 |a 2-4  |2 MRF 
080 |a (100)  |2 MRF 
080 |a (048.8)  |2 MRF 
080 |a (084.11)  |2 MRF 
100 1 |a Carr-Gomm, Philip,  |d 1955-  |7 mzk2008434190  |4 aut 
245 1 0 |a Posvátná místa :  |b poutní svatyně od Stonehenge po Santiago de Compostela /  |c Philip Carr-Gomm ; [z anglického originálu ... přeložili Václav Procházka a Eva Křístková] 
246 3 0 |a Poutní svatyně od Stonehenge po Santiago de Compostela 
250 |a 1. vyd. 
260 |a Praha :  |b Brána,  |c 2009 
300 |a 255 s. :  |b il. (převážně barev.), mapy ;  |c 29 cm 
500 |a Chronologické přehledy 
504 |a Obsahuje bibliografii a rejstřík 
650 0 7 |a posvátná místa  |7 ph115829  |z země světa  |2 czenas 
650 0 7 |a poutní místa  |7 ph115843  |z země světa  |2 czenas 
650 0 7 |a náboženský život  |7 ph123387  |z země světa  |2 czenas 
650 0 9 |a holy places  |z countries of the world  |2 eczenas 
650 0 9 |a pilgrimage places  |z countries of the world  |2 eczenas 
650 0 9 |a religious life  |z countries of the world  |2 eczenas 
655 7 |a přehledy  |7 fd133202  |2 czenas 
655 7 |a obrazové publikace  |7 fd132947  |2 czenas 
655 9 |a surveys  |2 eczenas 
655 9 |a pictorial works  |2 eczenas 
765 0 |t Sacred places  |9 Česky 
856 4 1 |u http://www.digitalniknihovna.cz/mzk/uuid/uuid:db0da670-e94c-11e6-8010-005056827e51  |y Digitalizovaný dokument  |x NDK 
910 2 |a BOA001  |b 4-1232.854 
990 |a BK 
995 |a 01 
991 |b 200912  |c NOV  |j 2 CAR 
996 7 |b 2610378105  |c 4-1232.854  |l MZK  |r Sklad / do 1 hodiny  |n 20  |p kup  |w 000977376  |u 000020  |a 1  |e BOA001  |j MZK50  |s A 
996 6 |b 2610404248  |c 4-1232.854  |l MZK  |r Sklad / do 1 hodiny  |n 4  |p p.v.  |w 000977376  |u 000010  |a 1  |e BOA001  |j MZK50  |s P